Statistics for Most Landlocked Countries by First Level Subdivision Borders

Click here to take the quiz!

General Stats

  • This quiz has been taken 73 times
  • The average score is 15 of 20

Answer Stats

Average LLLCountry% Correct
5.357Uzbekistan
94%
4Kazakhstan
92%
4Tajikistan
92%
4.889Kyrgyzstan
90%
3.667Turkmenistan
87%
3.875Niger
84%
3.783Chad
83%
4.35Hungary
81%
4.5Slovakia
81%
3.737Central African Republic
78%
3.429Czech Republic
78%
6.4Rwanda
76%
6.056Burundi
75%
4.083South Sudan
71%
6.551Uganda
71%
3.636Armenia
70%
4.971Azerbaijan
70%
4.385Burkina Faso
67%
3.423Democratic Republic of the Congo
65%
3.448Slovenia
38%

Score Distribution

Percentile by Number Answered

Percent of People with Each Score

Your Score History

You have not taken this quiz